000 00744nam a22001577a 4500
003 OSt
005 20151002161719.0
008 151002b xxu||||| |||| 00| 0 eng d
040 _cRUA
082 _aAGR MAY 2012 B050 Or.1
100 _91805
_aMAY, SARAN
245 _aUtilization of organic fertilizers on okra on the crops station of royal university of agriculture,ការប្រើប្រាស់ជីសរីរាង្គទៅលើការលូតលាស់ដំណាំពោតបារាំងនៅស្ថានីយ៍ដំណាំនៃសាកលវិទ្យាល័យភូមិន្ទកសិកម្ម
260 _aPhnom Penh
_bRUA
_c2012
300 _ax; 51p.
_bill.
_c29cm.
942 _2ddc
_cAGR
999 _c1704
_d1704